[Event "Polanica Zdroj op-C 52nd"]
[Site "Polanica Zdroj"]
[Date "2016.08.28"]
[Round "4"]
[White "Koscielny, Edmond"]
[Black "Kwasniak, Kacper"]
[Result "1-0"]
[WhiteElo "1913"]
[BlackElo "1617"]
[PlyCount "62"]
[EventDate "2016.08.20"]
[EventType "swiss"]
[EventRounds "9"]
[EventCountry "POL"]
[SourceTitle "CBM 174 Extra"]
[Source "ChessBase"]
[SourceDate "2016.10.10"]
[SourceVersion "1"]
[SourceVersionDate "2016.10.10"]
[SourceQuality "1"]

1. f4 d5 2. Nf3 c5 3. e3 Nc6 4. Bb5 a6 5. Bxc6+ bxc6 6. Ne5 Qc7 7. b3 Nf6 8. Bb2 e6 9. d3 Bd6 10. Nd2 a5 11. 0-0 a4 12. Qe1 0-0 13. Qg3 Ne8 14. e4 axb3 15. cxb3 f6 16. Ng4 Qb6 17. Kh1 Qb4 18. Rf2 Ba6 19. e5 Be7 20. exf6 Nxf6 21. Ne5 Qb7 22. Qh3 Qc8 23. Ndf3 Ne8 24. Nh4 d4 25. Raf1 Bd6 26. Bc1 Nf6 27. Nhf3 h6 28. Nh4 Ne4 29. Rf3 Qe8 30. g4 Bb7 31. dxe4 h5 1-0